[Event "Hasselbacken Open 2021"]
[Site "Stockholm"]
[Date "2021.11.05"]
[Round "2.3"]
[White "Pantzar, Milton"]
[Black "Palmblad, Jan Peter"]
[Result "1-0"]
[WhiteElo "2441"]
[BlackElo "2035"]
[Annotator "TA"]
[PlyCount "52"]
[EventDate "2021.11.05"]
[EventType "swiss"]
[EventCountry "SWE"]
[SourceTitle "playchess.com"]
[Source "ChessBase"]
[SourceQuality "1"]

{[%evp 12,52,36,15,57,47,79,81,81,80,93,97,117,111,118,120,129,121,123,103,116,
97,114,93,149,132,158,127,143,129,147,139,136,118,131,112,137,110,161,125,118,
71,185]} 1. d4 d5 2. c4 e6 3. Nf3 c5 4. e3 Nf6 5. a3 cxd4 6. exd4 Nc6 7. Nc3 a6
{D40: Queen's Gambit Declined: Semi-Tarrasch with 5 e3.} 8. c5 Be7 9. Bd3 b6
10. b4 {[%cal Bb2b4,Bb4c5][%mdl 32]} bxc5 11. bxc5 O-O {[#]} 12. O-O $1 Re8 {
[#]} 13. Re1 $146 ({Predecessor:} 13. Bf4 Bd7 14. Re1 Bf8 15. Be5 Ng4 16. Qc2
g6 17. Bg3 Bg7 18. h3 Nf6 {1/2-1/2 (18) Priborsky,I-Netusil,J Svetla nad
Sazavou 1998}) 13... Nd7 14. Bf4 Bf6 15. Bc2 Bb7 16. Rb1 Ra7 17. Bd6 (17. Ba4 {
seems wilder.} Ba8 18. Na2 Na5 19. h4 Qc8 20. h5) 17... Nf8 (17... Na5 $142)
18. Ba4 {[#] Rxb7! is the strong threat.} Qc8 19. h4 Rd8 20. Bg3 Ba8 21. Qd3
Rb7 22. Rxb7 Bxb7 23. Bc2 g6 24. h5 Na5 (24... Nxd4 $16 25. Nxd4 Qxc5) 25. Na4
Nc4 26. Rb1 Bc6 {Weighted Error Value: White=0.09/Black=0.14} (26... e5 $16)
1-0

[Event "Hasselbacken Open 2021"]
[Site "Stockholm"]
[Date "2021.11.05"]
[Round "3.10"]
[White "Engstrom, Kaj"]
[Black "Thorn, Eric"]
[Result "0-1"]
[WhiteElo "2142"]
[BlackElo "2313"]
[Annotator "ChessBase"]
[PlyCount "56"]
[EventDate "2021.11.05"]
[EventType "swiss"]
[EventCountry "SWE"]
[SourceTitle "playchess.com"]
[Source "ChessBase"]
[SourceQuality "1"]
[TimeControl "900+5"]

1. e4 {[%emt 0:00:03]} e5 {[%emt 0:00:01]} 2. d4 {[%emt 0:00:07]} exd4 {
[%emt 0:00:03]} 3. Bc4 {[%emt 0:00:01]} Nf6 {[%emt 0:00:31]} 4. Nf3 {[%emt 0:
00:02]} Nc6 {[%emt 0:00:12]} 5. O-O {[%emt 0:00:43]} Nxe4 {[%emt 0:00:03]} 6.
Re1 {[%emt 0:00:05]} d5 {[%emt 0:00:01]} 7. Bxd5 {[%emt 0:00:07]} Qxd5 {
[%emt 0:00:02]} 8. Nc3 {[%emt 0:00:01]} Qh5 {[%emt 0:00:02]} 9. Nxe4 {[%emt 0:
00:15]} Be6 {[%emt 0:00:02]} 10. Bg5 {[%emt 0:01:33]} Bd6 {[%emt 0:00:03]} 11.
Nxd6+ {[%emt 0:00:30]} cxd6 {[%emt 0:00:02]} 12. Bf4 {[%emt 0:01:12]} Qd5 {
[%emt 0:00:02]} 13. c3 {[%emt 0:00:17]} Qf5 {[%emt 0:00:15]} 14. Bxd6 {[%emt 0:
02:41]} O-O-O {[%emt 0:00:08]} 15. Be5 {[%emt 0:02:21]} dxc3 {[%emt 0:01:07]}
16. Qe2 {[%emt 0:00:04]} Nxe5 {[%emt 0:02:01]} 17. Nxe5 {[%emt 0:00:06]} Rd2 {
[%emt 0:01:29]} 18. Qe3 {[%emt 0:00:01]} cxb2 {[%emt 0:00:44]} 19. Rab1 {
[%emt 0:03:59]} Qc2 {[%emt 0:01:29]} 20. Qxa7 {[%emt 0:00:26]} Rhd8 {[%emt 0:
00:10]} 21. Qa8+ {[%emt 0:00:49]} Kc7 {[%emt 0:00:02]} 22. Qa5+ {[%emt 0:00:01]
} Kb8 {[%emt 0:00:21]} 23. Nf3 {[%emt 0:00:07]} R2d5 {[%emt 0:01:24]} 24. Qb4 {
[%emt 0:00:01]} Qxb1 {[%emt 0:04:09]} 25. Rxb1 {[%emt 0:00:59]} Rd1+ {[%emt 0:
00:01]} 26. Ne1 {[%emt 0:00:07]} Rxb1 {[%emt 0:00:18]} 27. Kf1 {[%emt 0:00:29]}
Bc4+ {[%emt 0:00:08]} 28. Qxc4 {[%emt 0:00:04]} Rxe1+ {[%emt 0:00:01]} 0-1

[Event "Hasselbacken Open 2021"]
[Site "Stockholm"]
[Date "2021.11.05"]
[Round "2.5"]
[White "Akesson, Ralf"]
[Black "Krivenko, Dion"]
[Result "1/2-1/2"]
[WhiteElo "2385"]
[BlackElo "2032"]
[Annotator "ChessBase"]
[PlyCount "141"]
[EventDate "2021.11.05"]
[EventType "swiss"]
[EventCountry "SWE"]
[SourceTitle "playchess.com"]
[Source "ChessBase"]
[SourceQuality "1"]
[TimeControl "900+5"]

1. Nf3 {[%emt 0:00:09]} Nf6 {[%emt 0:00:11]} 2. c4 {[%emt 0:00:03]} g6 {
[%emt 0:00:00]} 3. Nc3 {[%emt 0:00:02]} Bg7 {[%emt 0:00:01]} 4. e4 {[%emt 0:00:
02]} d6 {[%emt 0:00:01]} 5. d4 {[%emt 0:00:02]} O-O {[%emt 0:00:03]} 6. h3 {
[%emt 0:00:02]} e5 {[%emt 0:00:02]} 7. d5 {[%emt 0:00:03]} Nbd7 {[%emt 0:00:02]
} 8. Be3 {[%emt 0:00:05]} Nh5 {[%emt 0:00:26]} 9. Nd2 {[%emt 0:00:14]} a5 {
[%emt 0:00:40]} 10. Qc2 {[%emt 0:00:16]} f5 {[%emt 0:00:28]} 11. f3 {[%emt 0:
02:00]} Ng3 {[%emt 0:00:39]} 12. Rg1 {[%emt 0:00:01]} fxe4 {[%emt 0:00:09]} 13.
Ndxe4 {[%emt 0:00:27]} Nf5 {[%emt 0:00:26]} 14. Bg5 {[%emt 0:00:33]} Nd4 {
[%emt 0:00:28]} 15. Qd3 {[%emt 0:00:35]} Qe8 {[%emt 0:00:46]} 16. O-O-O {
[%emt 0:00:08]} Nc5 {[%emt 0:00:21]} 17. Nxc5 {[%emt 0:00:06]} dxc5 {[%emt 0:
00:02]} 18. Qd2 {[%emt 0:00:39]} a4 {[%emt 0:00:55]} 19. Bd3 {[%emt 0:00:19]}
a3 {[%emt 0:00:44]} 20. b3 {[%emt 0:00:08]} Bd7 {[%emt 0:00:01]} 21. Rge1 {
[%emt 0:00:23]} b5 {[%emt 0:00:58]} 22. cxb5 {[%emt 0:00:20]} Nxb5 {[%emt 0:01:
41]} 23. Nxb5 {[%emt 0:00:25]} Bxb5 {[%emt 0:00:01]} 24. Bxb5 {[%emt 0:00:13]}
Qxb5 {[%emt 0:00:02]} 25. Qd3 {[%emt 0:00:05]} c4 {[%emt 0:00:52]} 26. Qxc4 {
[%emt 0:00:04]} Qxc4+ {[%emt 0:00:01]} 27. bxc4 {[%emt 0:00:02]} Ra4 {[%emt 0:
00:01]} 28. Re4 {[%emt 0:00:12]} Rb8 {[%emt 0:00:02]} 29. Rd2 {[%emt 0:01:34]}
Rab4 {[%emt 0:00:21]} 30. Rc2 {[%emt 0:00:56]} Rb1+ {[%emt 0:00:37]} 31. Kd2 {
[%emt 0:00:03]} R8b2 {[%emt 0:01:27]} 32. c5 {[%emt 0:03:13]} Rxc2+ {[%emt 0:
00:52]} 33. Kxc2 {[%emt 0:00:02]} Rb2+ {[%emt 0:00:02]} 34. Kd3 {[%emt 0:00:23]
} Rxg2 {[%emt 0:02:02]} 35. Bd2 {[%emt 0:00:47]} Kf7 {[%emt 0:00:12]} 36. Ra4 {
[%emt 0:00:23]} Rg3 {[%emt 0:00:02]} 37. Ke2 {[%emt 0:00:22]} Rg2+ {[%emt 0:00:
21]} 38. Kd1 {[%emt 0:00:07]} Rg1+ {[%emt 0:00:22]} 39. Kc2 {[%emt 0:00:10]}
Rg2 {[%emt 0:00:10]} 40. Rxa3 {[%emt 0:00:06]} Bh6 {[%emt 0:00:02]} 41. Rd3 {
[%emt 0:00:02]} Rh2 {[%emt 0:00:17]} 42. a4 {[%emt 0:00:16]} Bxd2 {[%emt 0:00:
27]} 43. Rxd2 {[%emt 0:00:01]} Rxh3 {[%emt 0:00:01]} 44. Rd3 {[%emt 0:00:14]}
Rh2+ {[%emt 0:00:10]} 45. Kb3 {[%emt 0:00:03]} Rh1 {[%emt 0:00:11]} 46. a5 {
[%emt 0:00:19]} Ra1 {[%emt 0:00:05]} 47. Kb4 {[%emt 0:00:02]} h5 {[%emt 0:00:
08]} 48. Kb5 {[%emt 0:00:07]} Ke7 {[%emt 0:00:12]} 49. Rd2 {[%emt 0:00:25]} Kd7
{[%emt 0:00:12]} 50. Rg2 {[%emt 0:00:11]} Rb1+ {[%emt 0:00:10]} 51. Ka6 {
[%emt 0:00:20]} Rc1 {[%emt 0:00:14]} 52. c6+ {[%emt 0:00:09]} Kd6 {[%emt 0:00:
23]} 53. Rxg6+ {[%emt 0:00:02]} Kxd5 {[%emt 0:00:03]} 54. Kb7 {[%emt 0:00:02]}
h4 {[%emt 0:00:07]} 55. Kxc7 {[%emt 0:00:11]} h3 {[%emt 0:00:01]} 56. Rd6+ {
[%emt 0:00:06]} Kc5 {[%emt 0:00:04]} 57. Rh6 {[%emt 0:00:02]} Kb5 {[%emt 0:00:
04]} 58. Kb7 {[%emt 0:00:29]} Kxa5 {[%emt 0:00:22]} 59. Rxh3 {[%emt 0:00:10]}
Rb1+ {[%emt 0:00:03]} 60. Kc7 {[%emt 0:00:04]} Rb3 {[%emt 0:00:10]} 61. Rh5 {
[%emt 0:00:34]} Rxf3 {[%emt 0:00:01]} 62. Rxe5+ {[%emt 0:00:04]} Ka6 {[%emt 0:
00:01]} 63. Re7 {[%emt 0:00:17]} Rc3 {[%emt 0:00:12]} 64. Re4 {[%emt 0:00:09]}
Rf3 {[%emt 0:00:05]} 65. Re7 {[%emt 0:00:19]} Rc3 {[%emt 0:00:01]} 66. Kd7 {
[%emt 0:00:06]} Kb6 {[%emt 0:00:03]} 67. Re6 {[%emt 0:00:01]} Rc1 {[%emt 0:00:
12]} 68. Rd6 {[%emt 0:00:09]} Rc2 {[%emt 0:00:01]} 69. Rd4 {[%emt 0:00:04]}
Rxc6 {[%emt 0:00:04]} 70. Rb4+ {[%emt 0:00:02]} Kc5 {[%emt 0:00:01]} 71. Rc4+ {
[%emt 0:00:02]} 1/2-1/2

[Event "Hasselbacken Open 2021"]
[Site "Stockholm"]
[Date "2021.11.05"]
[Round "4.1"]
[White "Thorn, Eric"]
[Black "Seo, Jung Min"]
[Result "0-1"]
[WhiteElo "2313"]
[BlackElo "2455"]
[Annotator "TA"]
[PlyCount "96"]
[EventDate "2021.11.05"]
[EventType "swiss"]
[EventCountry "SWE"]
[SourceTitle "playchess.com"]
[Source "ChessBase"]
[SourceQuality "1"]

{[%evp 9,96,34,36,38,52,51,56,58,38,41,58,33,35,37,41,18,16,17,23,0,65,44,68,
38,69,12,104,76,80,8,35,0,0,-180,80,75,71,70,53,-372,-329,-372,-372,-372,-372,
-728,-733,-718,-697,-904,-888,-1277,-864,-1968,-1577,-1503,-1386,-1410,-1170,
-29980,-29981,-29986,-2312,-1643,-1659,-881,-808,-5206,-1062,-29979,-545,-1413,
-47,-29992,-1094,-3377,-2944,-29978,-29979,-29984,-29985,-29985,-29982,-29988,
-29986,-29986,-29987,-29988,-1188]} 1. d4 Nf6 2. c4 e6 3. Nf3 d5 4. Nc3 dxc4 5.
e4 b5 6. e5 {D24: Queen's Gambit Accepted: 3 Nf3 Nf6 4 Nc3.} Nd5 7. Nxb5 Nb6 8.
Be2 {White is slightly better.} Nc6 $1 {8...Nc6 scores better than 8...Be7.} 9.
O-O Be7 10. Qd2 O-O 11. Qf4 Nb4 12. Qg3 {Bh6! is the strong threat.} Kh8 13.
Rd1 {[#]} Bb7 $146 ({Predecessor:} 13... Rb8 14. Nc3 Bb7 15. Bg5 f5 16. exf6
gxf6 17. Bh6 Rg8 18. Qh3 Qd7 19. Rac1 N4d5 {0-1 (38) Vestby Ellingsen,M (2362)
-Abdrlauf,E (2362) Fagernes 2020}) 14. Nc3 f5 (14... Nc2 $11 15. Rb1 Bxf3 16.
Bxf3 Nxd4) 15. Bg5 (15. exf6 {feels hotter.} Bxf6 16. Rb1 Qe7 17. Bf4 Rac8 18.
Qh3) 15... N4d5 16. Rac1 Bxg5 17. Qxg5 (17. Nxg5 $14 Qe7 18. Nxd5 Bxd5 19. Nh3)
17... Qd7 (17... Nxc3 $11 18. bxc3 (18. Rxc3 Bxf3 19. Qxd8 Bxe2 $11) 18... Qxg5
19. Nxg5 Rfe8) 18. Nxd5 Bxd5 19. Qh4 (19. Nd2 $16) 19... Qa4 20. b3 cxb3 21.
Rxc7 $2 (21. axb3 $11 {and White is okay.} Bxb3 22. Rxc7 Bxd1 23. Ng5) 21...
bxa2 $2 (21... b2 $1 $19 22. Qe7 Rg8) 22. Qe7 $16 {[%csl Gc7][%cal Re7g7]} Rg8
23. Ng5 {[%cal Rg5f7]} Raf8 {[#]} (23... Qxd1+ $2 24. Bxd1 Raf8 25. Qa3 $18)
24. Rcc1 {[%mdl 8192]} (24. Qf7 $1 $14 {was forced to keep a grip.} f4 25. Rcc1
) 24... h6 $1 $19 25. Nf7+ ({But not} 25. Nxe6 Re8 $19) 25... Kh7 26. Nxh6 {
White threatens Nf7 and mate.} Re8 $1 {[%cal Bf8e8,Be8e7,Be7g7,Bg7g2][%mdl 32]}
({Don't blunder} 26... Nc8 $2 27. Qg5 $18) 27. Qf7 (27. Nxg8 Rxe7 28. Nxe7)
27... Rgf8 28. Qh5 gxh6 29. Rc7+ Nd7 30. Bf1 Re7 31. Qh4 Rg7 32. Rcc1 {[#]}
Bxg2 $1 33. Bxg2 Rfg8 34. Kh1 Rxg2 35. Qe7+ R2g7 (35... R8g7 $142 36. Qxe6 R2g5
37. Qd5 Qa3 38. f4 Nb6 $1 39. Qb7 Rxb7 40. fxg5 Qf3+ 41. Kg1 Nd5 42. Rf1 Qg4+
43. Kh1 Rb2 44. g6+ Kg7 45. Rc7+ Nxc7 46. Rg1 Qf3+ 47. Rg2 Qxg2#) 36. Qxe6 Qa3
{[%cal Ra3f3]} 37. Qxf5+ Kh8 {aiming for ...Rg5.} 38. e6 {[#]} Nf8 (38... Rg5
$142 $1 39. Qd3 Rg1+ $3 {[%mdl 576] Decoy, Promotion} 40. Rxg1 Rxg1+ 41. Kxg1
Qxc1+ 42. Kg2 a1=Q $1 43. exd7 Qg1+ 44. Kh3 Qg5 45. d8=Q+ Qxd8 46. d5 Qd7+ 47.
Kg2 Qg4+ 48. Qg3 Qe4+ {[%mdl 64] Double Attack} 49. f3 Qc2+ 50. Kh3 Qf5+ 51.
Kg2 Qa2+ 52. Qf2 Qg6+ 53. Kf1 Qa1+ 54. Qe1 Qd3+ 55. Kf2 Qb2+ 56. Kg3 Qg6+ 57.
Kh3 Qbg2+ {[%mdl 64] Double Attack} 58. Kh4 Qxh2#) 39. Qf6 Nxe6 40. Rg1 Qh3 (
40... Ng5 $19 {Hoping for ...Nh7.} 41. Qf4 Rf8) 41. Rxg7 $4 {[%mdl 8192]} (41.
Rg3 $15 Qh5 42. Qxe6) 41... Nxg7 (41... Rxg7 $142 42. Rc8+ Kh7 43. Qxg7+ Kxg7
44. Rc1 Nxd4 45. Re1 {[#]} Ne2 $1 {[%mdl 512]} 46. Rg1+ Nxg1 47. f4 Qf3+ {
[%mdl 64] Double Attack} 48. Kxg1 a1=Q#) 42. Rg1 Qh5 43. f3 Kh7 {Black mates.}
44. d5 Nf5 45. Rxg8 Kxg8 46. Qe6+ Kh7 47. Qd7+ Ng7 48. Qxa7 Qxf3+ {Weighted
Error Value: White=0.87/Black=0.72} 0-1

[Event "Hasselbacken Open 2021"]
[Site "Stockholm"]
[Date "2021.11.05"]
[Round "2.6"]
[White "Petersson, Kjell"]
[Black "Lindberg, Bengt"]
[Result "0-1"]
[WhiteElo "2025"]
[BlackElo "2378"]
[Annotator "ChessBase"]
[PlyCount "45"]
[EventDate "2021.11.05"]
[EventType "swiss"]
[EventCountry "SWE"]
[SourceTitle "playchess.com"]
[Source "ChessBase"]
[SourceQuality "1"]
[TimeControl "900+5"]

1. d4 {[%emt 0:00:05]} Nf6 {[%emt 0:00:05]} 2. Bf4 {[%emt 0:00:03]} e6 {
[%emt 0:00:05]} 3. e3 {[%emt 0:00:05]} d5 {[%emt 0:00:10]} 4. Nd2 {[%emt 0:00:
09]} c5 {[%emt 0:00:00]} 5. c3 {[%emt 0:00:02]} Bd6 {[%emt 0:00:08]} 6. Bg3 {
[%emt 0:00:05]} Qc7 {[%emt 0:00:05]} 7. Ngf3 {[%emt 0:00:20]} Nbd7 {[%emt 0:00:
03]} 8. Bd3 {[%emt 0:02:07]} O-O {[%emt 0:00:05]} 9. Bxd6 {[%emt 0:01:09]} Qxd6
{[%emt 0:00:04]} 10. O-O {[%emt 0:00:14]} e5 {[%emt 0:00:34]} 11. dxe5 {
[%emt 0:00:13]} Nxe5 {[%emt 0:00:02]} 12. Nxe5 {[%emt 0:00:03]} Qxe5 {[%emt 0:
00:03]} 13. Nf3 {[%emt 0:00:02]} Qc7 {[%emt 0:00:04]} 14. h3 {[%emt 0:00:39]}
b6 {[%emt 0:00:16]} 15. Qa4 {[%emt 0:01:30]} h6 {[%emt 0:00:43]} 16. Qh4 {
[%emt 0:00:58]} Re8 {[%emt 0:00:29]} 17. g4 {[%emt 0:02:17]} Bb7 {[%emt 0:00:
37]} 18. g5 {[%emt 0:00:19]} hxg5 19. Nxg5 {[%emt 0:00:23]} g6 {[%emt 0:04:10]}
20. Qh6 {[%emt 0:00:41]} Re5 {[%emt 0:00:18]} 21. h4 {[%emt 0:00:41]} Qe7 {
[%emt 0:01:01]} 22. Kh2 {[%emt 0:01:17]} Ng4+ {[%emt 0:07:53]} 23. Kg1 {
[%emt 0:03:38]} 0-1

[Event "Hasselbacken Open 2021"]
[Site "Stockholm"]
[Date "2021.11.05"]
[Round "4.2"]
[White "Pantzar, Milton"]
[Black "Bellon Lopez, Juan Manuel"]
[Result "1-0"]
[WhiteElo "2441"]
[BlackElo "2326"]
[Annotator "TA"]
[PlyCount "69"]
[EventDate "2021.11.05"]
[EventType "swiss"]
[EventCountry "SWE"]
[SourceTitle "playchess.com"]
[Source "ChessBase"]
[SourceQuality "1"]

{[%evp 9,69,32,48,4,26,21,28,33,35,22,26,-30,6,-43,31,15,47,59,81,82,85,85,92,
87,92,79,97,96,110,108,110,99,96,90,258,169,260,216,534,227,456,200,458,473,
452,469,565,405,483,325,656,822,768,739,1303,1277,29987,29988,29986,6616,6004,
3592]} 1. d4 Nf6 2. c4 a6 3. Nc3 c5 4. d5 b5 5. Qc2 b4 6. Nb1 {[#] A56: Czech
Benoni.} e5 $146 ({Predecessor:} 6... d6 7. e4 g6 8. Be2 Bg7 9. Nf3 O-O 10. O-O
a5 11. h3 a4 12. Be3 a3 13. bxa3 Nxd5 14. cxd5 Bxa1 15. axb4 cxb4 {1-0 (65)
Martirosyan,H (2622)-Gabuzyan,H (2557) Tornelo INT 2021}) 7. e4 d6 8. Bd3 {
White has an edge.} Be7 9. Nf3 O-O 10. a4 ({White should try} 10. Qd1) 10... a5
(10... Nxe4 $5 11. Bxe4 f5 $11) 11. b3 {[#]} Bg4 ({Better is} 11... Nxe4 $1 $15
12. Bxe4 f5) 12. Nbd2 Nbd7 13. h3 Bxf3 14. Nxf3 Nh5 15. g3 g6 16. Bh6 Re8 17.
O-O-O Bf8 18. Bd2 Qe7 19. Rde1 Bg7 20. h4 Qf8 21. Kb1 f5 $2 {This costs Black
the game.} (21... Nhf6 $16) 22. Ng5 {[%cal Re4f5]} fxe4 (22... f4 $142 23. Ne6
Rxe6) 23. Bxe4 $18 {aiming for Nxh7!} ({Not} 23. Nxe4 Ndf6 $16) 23... Qxf2 $2 (
23... Ndf6 {is more resistant.} 24. Bg2 Kh8) 24. Rhf1 (24. Ref1 $142 Qd4 25.
Nf3 Qxe4 {[%mdl 64] Decoy} 26. Qxe4 Nxg3 27. Qg4 Nxf1 28. Qxd7) 24... Qxg3 {[#]
} (24... Qh2) 25. Nxh7 $1 {[%mdl 512]} Nf4 $2 {[#]} (25... Kxh7 {keeps
fighting.} 26. Rg1 Qh2) 26. Rg1 $1 Qf2 ({Of course not} 26... Qxh4 27. Rh1 $1
$18) 27. Bxg6 Re7 28. Bf5 e4 {intending ...Ne2.} 29. Bxd7 Qd4 {[#]} (29... Kxh7
30. Bf5+ Kh8) 30. Rxg7+ $1 Rxg7 31. Bxf4 Rxh7 32. Be6+ Kf8 33. Bxd6+ Ke8 34.
Qxe4 (34. Rxe4 $142 Qh8 35. Bxc5 Qf6 36. Bh3+ Kd8 {[#]} 37. Re8+ $3 {[%mdl 576]
Discovered Attack} Kxe8 38. Qxh7 Qf1+ 39. Bxf1 Ra7 40. Qxa7 Kd8 41. Qb8+ Kd7
42. Bh3#) 34... Qxe4+ 35. Rxe4 {Weighted Error Value: White=0.53/Black=0.87}
1-0

[Event "Hasselbacken Open 2021"]
[Site "Stockholm"]
[Date "2021.11.05"]
[Round "2.7"]
[White "Sorensen, Hampus"]
[Black "Troberg Eskola, Love"]
[Result "1-0"]
[WhiteElo "2377"]
[BlackElo "2026"]
[Annotator "ChessBase"]
[PlyCount "39"]
[EventDate "2021.11.05"]
[EventType "swiss"]
[EventCountry "SWE"]
[SourceTitle "playchess.com"]
[Source "ChessBase"]
[SourceQuality "1"]
[TimeControl "900+5"]

1. d4 {[%emt 0:15:10]} d5 {[%emt 0:15:10]} 2. c4 {[%emt 0:00:05]} dxc4 3. Nf3 {
[%emt 0:00:05]} Nf6 {[%emt 0:00:10]} 4. e3 {[%emt 0:00:05]} b5 {[%emt 0:00:05]}
5. a4 {[%emt 0:00:05]} b4 {[%emt 0:00:05]} 6. Bxc4 {[%emt 0:00:05]} e6 7. O-O {
[%emt 0:00:05]} Bb7 8. b3 {[%emt 0:00:05]} Nbd7 {[%emt 0:00:15]} 9. Bb2 {
[%emt 0:00:05]} c5 10. Nbd2 {[%emt 0:00:05]} Be7 {[%emt 0:00:10]} 11. dxc5 {
[%emt 0:00:05]} Qc7 {[%emt 0:00:05]} 12. Rc1 {[%emt 0:00:05]} Bxc5 {[%emt 0:00:
05]} 13. Bxf6 {[%emt 0:00:05]} gxf6 {[%emt 0:00:05]} 14. Bb5 {[%emt 0:00:05]}
Rc8 {[%emt 0:00:05]} 15. Rxc5 {[%emt 0:00:05]} Qxc5 {[%emt 0:00:05]} 16. Bxd7+
{[%emt 0:00:05]} Ke7 {[%emt 0:00:05]} 17. Bxc8 {[%emt 0:00:05]} Rxc8 {[%emt 0:
00:05]} 18. Qe2 {[%emt 0:00:05]} a6 {[%emt 0:00:05]} 19. Qc4 {[%emt 0:00:05]}
Qh5 {[%emt 0:00:05]} 20. Qxb4+ {[%emt 0:00:05]} 1-0